000 00374nam a2200121Ia 4500
008 190216s9999||||xx |||||||||||||| ||und||
100 _aCentral Institute For Research &training In Employment Service
245 0 _aSelf Employment In Small Scale Industries
260 _bCentral Institute For Research &training
_c1982
300 _a23
650 _aEconomics
942 _cBK
999 _c9732
_d9732